<?xml version="1.0" encoding="UTF-8"?><marc:collection xmlns:marc="http://www.loc.gov/MARC21/slim">
  <marc:record>
    <marc:leader>00000nam##2200000za#4500</marc:leader>
    <marc:controlfield tag="001">9.661864</marc:controlfield>
    <marc:controlfield tag="003">CaOODSP</marc:controlfield>
    <marc:controlfield tag="005">20220328113333</marc:controlfield>
    <marc:controlfield tag="007">ta</marc:controlfield>
    <marc:controlfield tag="008">150407|2000||||xxc|||||     f|0| 0 fre|d</marc:controlfield>
    <marc:datafield tag="020" ind1=" " ind2=" ">
      <marc:subfield code="a">0-662-64985-0</marc:subfield>
    </marc:datafield>
    <marc:datafield tag="040" ind1=" " ind2=" ">
      <marc:subfield code="a">CaOODSP</marc:subfield>
      <marc:subfield code="b">fre</marc:subfield>
    </marc:datafield>
    <marc:datafield tag="041" ind1=" " ind2=" ">
      <marc:subfield code="a">eng</marc:subfield>
    </marc:datafield>
    <marc:datafield tag="041" ind1=" " ind2=" ">
      <marc:subfield code="a">fre</marc:subfield>
    </marc:datafield>
    <marc:datafield tag="043" ind1=" " ind2=" ">
      <marc:subfield code="a">n-cn---</marc:subfield>
    </marc:datafield>
    <marc:datafield tag="086" ind1="1" ind2=" ">
      <marc:subfield code="a">C2-498/2000</marc:subfield>
    </marc:datafield>
    <marc:datafield tag="110" ind1="1" ind2=" ">
      <marc:subfield code="a">Canada. </marc:subfield>
      <marc:subfield code="b">Industrie Canada.</marc:subfield>
    </marc:datafield>
    <marc:datafield tag="245" ind1="1" ind2="3">
      <marc:subfield code="a">La Ligue nationale de hockey au Canada, octobre 1999 </marc:subfield>
    </marc:datafield>
    <marc:datafield tag="260" ind1=" " ind2=" ">
      <marc:subfield code="a">Ottawa - Ontario : </marc:subfield>
      <marc:subfield code="b">Industrie Canada </marc:subfield>
      <marc:subfield code="c">2000.</marc:subfield>
    </marc:datafield>
    <marc:datafield tag="300" ind1=" " ind2=" ">
      <marc:subfield code="a">Texte en français, 31, 8p. ; </marc:subfield>
      <marc:subfield code="c">28 cm.</marc:subfield>
    </marc:datafield>
    <marc:datafield tag="500" ind1=" " ind2=" ">
      <marc:subfield code="a">«Le présent document décrit le résultat des consultations réalisées auprès des parties intéressées à l'avenir des équipes de la Ligue nationale de hockey (LNH) au Canada, par chacune des provinces où jouent actuellement des équipes de la LNH (Québec, Ontario, Alberta, Colombie-Britannique), ainsi que par les municipalités concernées (Montréal, Kanata/Municipalié d'Ottawa-Carleton, Toronto, Calgary, Edmonton, Vancouver). Les autres intervenants étaient les équipes elles-mêmes (Canadiens de Montréal, Sénateurs d'Ottawa, Maple Leafs de Toronto, Flames de Calgary, Oilers d'Edmonton, Canucks de Vancouver), l'administration de la Ligue nationale de hockey et l'Association des joueurs de la Ligue nationale de hockey.»--Page 1.</marc:subfield>
    </marc:datafield>
    <marc:datafield tag="520" ind1="3" ind2=" ">
      <marc:subfield code="a">Le présent document décrit le résultat des consultations réalisées auprès des parties intéressées à l'avenir des équipes de la Ligue nationale de hockey (LNH) au Canada, par chacune des provinces où jouent actuellement des équipes de la LNH (Québec, Ontario, Alberta, Colombie-Britannique), ainsi que par les municipalités concernées (Montréal, Kanata/Municipalié d'Ottawa-Carleton, Toronto, Calgary, Edmonton, Vancouver). Les autres intervenants étaient les équipes elles-mêmes (Canadiens de Montréal, Sénateurs d'Ottawa, Maple Leafs de Toronto, Flames de Calgary, Oilers d'Edmonton, Canucks de Vancouver), l'administration de la Ligue nationale de hockey et l'Association des joueurs de la Ligue nationale de hockey.--Page 1</marc:subfield>
    </marc:datafield>
    <marc:datafield tag="546" ind1=" " ind2=" ">
      <marc:subfield code="a">Bilingue</marc:subfield>
    </marc:datafield>
    <marc:datafield tag="563" ind1=" " ind2=" ">
      <marc:subfield code="a">Couverture souple</marc:subfield>
    </marc:datafield>
    <marc:datafield tag="590" ind1=" " ind2=" ">
      <marc:subfield code="a">00-20</marc:subfield>
      <marc:subfield code="b">2000-05-19</marc:subfield>
    </marc:datafield>
    <marc:datafield tag="691" ind1="0" ind2="7">
      <marc:subfield code="a">Hockey</marc:subfield>
      <marc:subfield code="2">gcpds</marc:subfield>
    </marc:datafield>
    <marc:datafield tag="691" ind1="0" ind2="7">
      <marc:subfield code="a">Aide financière</marc:subfield>
      <marc:subfield code="2">gcpds</marc:subfield>
    </marc:datafield>
    <marc:datafield tag="776" ind1="0" ind2="#">
      <marc:subfield code="t">La Ligue nationale de hockey au Canada </marc:subfield>
      <marc:subfield code="w">(CaOODSP)9.639302</marc:subfield>
    </marc:datafield>
    <marc:datafield tag="776" ind1="0" ind2="#">
      <marc:subfield code="t">The National Hockey League in Canada </marc:subfield>
      <marc:subfield code="w">(CaOODSP)9.695159</marc:subfield>
    </marc:datafield>
    <marc:datafield tag="791" ind1=" " ind2=" ">
      <marc:subfield code="t">The National Hockey League in Canada, October 1999 </marc:subfield>
      <marc:subfield code="e">eng</marc:subfield>
      <marc:subfield code="w">(CaOODSP)9.661863</marc:subfield>
    </marc:datafield>
  </marc:record>
</marc:collection>
